000 00624nam a2200217 a 4500
008 951123s1983||||[C 0 slo c
020 _c29 Kčs.
_q(22000 výtl.)
040 _aSNK
_bslo
_cSNK
_eAACR2
041 1 _aslo
_hslo
044 _a[CS]
080 _a885.4-3
100 1 _aLenčo, Ján
_4aut
245 1 0 _aŽena medzi kráľmi
_cJán Lenčo ; Pavol Blažo, Beata Nágelová
260 _aBratislava
_bSlovenský spisovateľ
_c1983
_eŽilina
_fPravda
300 _c20 cm
490 0 _aNová próza
500 _aIlustr. na front. a predsádke.
700 1 _4bkd
700 1 _aNágelová, Beata
_4bkd
958 _aA
999 _c11978
_d11978